00508nam a22001577a 450000500170000001000150001702000260003203500140005803700130007208200120008510000260009724501030012326000470022627000550027330000220032820180523125104.0 aENG-123082 a9789386582386c599.00 aEN-106614 bDBAD/PUB a808.883 aPaul, Janice Campbell aThe secret wife :cby Janice Campbell Paulbmemoirs of an american missionary in india and nepal / aNew DelhibSpeaking Tiger Publishingc2017 a4381/4, Ansari Road, Daryaganj,bNew Delhie110002 a352p.c22cm.(pbk)